000 00878cam a22002897a 4500
003 CHAP
005 20220329135356.0
008 971013s1969 r 00010 d
010 _a35320
011 _a36292
035 _a40411
040 _cCHAP
090 _aFolleto 6455
110 _aMéxico. Secretaría de Agricultura y Ganadería. Agencia General de Agricultura en La Paz
_977112
245 1 3 _aLa mastitis reduce la producción de leche
260 _aLa Paz :
_bs.e.,
_c1969
300 _as.p.
490 0 _aCircular CIASE
_v; 7
590 _aBATCH-UPD
_b10
_c20130110
_lUCH01
_h1725
590 _aCONVERSION
_b10
_c20130109
_lUCH01
_h1320
650 1 4 _aGanado vacuno
_xEnfermedades.
_945460
650 1 4 _aMastitis.
_972847
830 0 _aCircular CIASE
_v; 7
_923374
901 _aBK
942 _cFOLL
949 _aFolleto 6455
_bBC
_cFOLL
_d-92391
_eTS1
_i40411
_mD
_si
999 _c35320
_d35320